| 000 | 01066cab a2200205 4500 | ||
|---|---|---|---|
| 001 | ABS45907 | ||
| 008 | 090401t1992 xxu||||| |||| 00| 0 eng d | ||
| 035 | _a(Sirsi) u55821 | ||
| 041 | _aeng | ||
| 100 | _aCampbell, H. | ||
| 245 | 4 | _aThe take-up of GIS in local government | |
| 260 | _c1992 | ||
| 350 | _a0 | ||
| 490 |
_aBURISA _v(102) February 1992, 11-14(3) |
||
| 520 | _aThe first of two articles reviewing findings of a comprehensive survey into the implementation of geographical information systems (GIS) by local authorities. The research, funded by the Economic and Social Research Council (ESRC) and the Natural Environment Research Council (NERC), looked the extent of interest in GIS in local government, constraints affecting its adoption, the process by which authorities are adopting GIS and the time scale involved, the type of authorities who are investing in GIS and the influence of the North-South divide. | ||
| 690 | _aMANAGEMENT-BUSINESS MANAGEMENT-INFORMATION MANAGEMENT | ||
| 700 | _aMasser, I. | ||
| 942 | _n0 | ||
| 948 | _c04/03/1997 | ||
| 999 |
_c34121 _d34121 |
||